| 000 | 003190000a22001210004500 | ||
|---|---|---|---|
| 090 |
_aAR _b04242 |
||
| 245 | 1 | 0 | _aLamellicornia neotropical I |
| 500 | _a<Literatura de escarabajos coprófagos> | ||
| 041 | 0 | _aEspañol | |
| 100 | 1 |
_aMartínez, Antonio _995967 |
|
| 942 | _cARTICULO | ||
| 773 | 1 |
_tArthropoda _h1 _q41-53 _d1947 _g1 |
|
| 999 |
_c13339 _d13339 |
||